000 00362nam a2200145Ia 4500
008 210716s1991 xx 000 0 und d
041 _aeng
082 _a005.268 JAMK
100 _aJamsa, Kris.
245 _aABC'S of windows 3.0.
250 _a1
260 _aNew Delhi
_bBPB Publications
_c1991
300 _axxvi,327
650 _aMicrosoft Windows(005.269)
999 _c182031
_d182031